| 000 | 00901cam a2200205 4500 | ||
|---|---|---|---|
| 001 | WS119196 | ||
| 008 | 020805n 000 0 eng u | ||
| 035 | _a(Sirsi) u119196 | ||
| 110 |
_aRoyal Institute of British Architects _92527 |
||
| 245 | _aArchitecture.com | ||
| 520 | _aWeb site which describes itself as 'the UK's largest online resource on architecture and architects'. Includes details of how to become an architect and RIBA competitions. Also links to directories of practices, of members and of building products and suppliers. | ||
| 650 | _aARCHITECTURE | ||
| 650 | _aBUILT ENVIRONMENT-BUILDING MATERIALS | ||
| 650 | _aBUILT ENVIRONMENT-BUILDING MATERIALS | ||
| 650 | _aCOMPETITIONS | ||
| 650 | _aORGANISATION | ||
| 690 | _aBUILT ENVIRONMENT-CONSTRUCTION DESIGN | ||
| 856 | 4 | 0 |
_uhttps://www.architecture.com _zView the website free of charge at www.architecture.com... |
| 942 | _n0 | ||
| 999 |
_c120143 _d120143 |
||